Cuentos de animales fantásticos para niños (Registro nro. 12574)

Detalles MARC
000 -LIDER
fixed length control field 01202nam a2200289 4500
001 - NÚMERO DE CONTROL
Identificador de número de control 000021235
003 - IDENTIFICACDOR DE NÚMERO DE CONTROL
control field DO-SdBNP
005 - DATE AND TIME OF LATEST TRANSACTION
control field 20180202144626.0
007 - CAMPOS FIJOS DE DESCRIPCIÓN FÍSICA
fixed length control field 000021235
008 - ELEMENTOS DE LONGITUD FIJA
fixed length control field 150128s1984 dr a 000 0 spa d
020 ## - ISBN
International Standard Book Number 9684940149
040 ## - FUENTE DE CATALOGACIÓN
Agencia que crea de manera original el registro BPMSU
Idioma de catalogación spa
Agencia que realiza la transcripción BPMSU
082 ## - NÚMERO DE CLASIFICACIÓN DECIMAL DE DEWEY
Classification number 868.9983
Item number C965a 1984
092 ## - LOCALLY ASSIGNED DEWEY DECIMAL CALL NUMBER
Número de clasificación
Número de ítem (Cutter)
245 00 - MENCIÓN DE TITULO
Título Cuentos de animales fantásticos para niños
250 ## - MENCIÓN DE EDICION
Mención de edición 4a ed.
260 ## - PUBLICACIÓN, DISTRIBUCIÓN, ETC. (PIE DE IMPRENTA)
Lugar de publicación, distribución, etc Sao Paulo, Brasil :
Nombre del editor, distribuidor, etc. Editorial Ática
Fecha de publicación, distribución, etc 1984.
300 ## - DESCRIPCIÓN FÍSICA
Extensión 106 p. :
Otros detalles físicos il. ;
Dimensiones 22 cm.
490 1# - MENCIÓN DE SERIES
Mención de serie Coedición latinoamericana
505 0# - NOTA DE CONTENIDO
Texto normalizado de contenido La Boitatá (Brasil) --
Título El hombre caimán (Colombia) --
-- Las guacamayas (Ecuador) --
-- El caballito de sieto colores (Guatemala) --
-- El murciélago (México) --
-- El lagarto de oro (Nicaragua) --
-- El Amaru (Perú) --
-- El pájaro Inriri, fabricante de mujeres (Puerto Rico) --
-- La novia del pececito (República Dominicana) --
-- Blanca y el Salvaje (Venezuela).
650 ## - ENCABEZAMIENTO DE MATERIA--TEMÁTICO
Término temático o nombre geográfico como elemento de entrada CUENTOS INFANTILES LATINOAMERICANOS
Subdivisión de forma COLECCIONES DE ESCRITOS
700 1# - ASIENTO SECUNDARIO -- NOMBRE PERSONAL
Nombre personal Álvarez, Rosanela,
Mención de responsabilidad ed
830 #0 - ASIENTO SECUNDARIO DE SERIE--TÍTULO UNIFORME
Título uniforme Coedición latinoamericana
942 ## - ADDED ENTRY ELEMENTS (KOHA)
Source of classification or shelving scheme Dewey Decimal Classification
Koha item type Libros
945 ## - INFORMACIÓN DE PROCESAMIENTO LOCAL
Información de procesamiento local Inventariado, 2018 / BT
956 ## - LOCAL ELECTRONIC LOCATION AND ACCESS (OCLC)
Nombre de host Vmateo
Número de acceso 10
Información de compresión 20170623
Inicio de sesión BPMSU
Procesador de solicitud 0069
Existencias
Withdrawn status Lost status Source of classification or shelving scheme Damaged status Not for loan Collection code Home library Current library Date acquired Source of acquisition Total Checkouts Full call number Barcode Date last seen Price effective from Koha item type
    Dewey Decimal Classification     Colección Infantil General Biblioteca Pública Metropolitana Salomé Ureña Biblioteca Pública Metropolitana Salomé Ureña 06/23/2017 Sin sellar   868.9983 C965a 1984 BPMSU17060004 06/23/2017 06/23/2017 Libros